|
|
|
|
| LEADER |
01074nam a2200289 a 4500 |
| 001 |
000540719 |
| 003 |
CZ BrMZK |
| 005 |
20080804102558.0 |
| 007 |
ta |
| 008 |
000115s2000 xr e f cze d |
| 040 |
|
|
|a BOA001
|b cze
|
| 043 |
|
|
|a e-xr---
|
| 072 |
|
7 |
|a 37.014
|x Vzdělávací a výchovná politika
|2 Konspekt
|9 22
|
| 080 |
|
|
|a 37.014.5
|2 MRF
|
| 080 |
|
|
|a 371.279.5/.6
|2 MRF
|
| 080 |
|
|
|a (437.3)
|2 MRF
|
| 080 |
|
|
|a (036)
|2 MRF
|
| 245 |
0 |
0 |
|a Koncepční záměr reformy maturitní zkoušky /
|c [zpracovalo: Centrum pro reformu maturitní zkoušky].
|
| 260 |
|
|
|a [Praha] :
|b Ministerstvo školství, mládeže a tělovýchovy,
|c 2000
|
| 300 |
|
|
|a 28 s. ;
|c 30 cm
|
| 650 |
0 |
7 |
|a vzdělávací politika
|7 ph127308
|z Česko
|2 czenas
|
| 650 |
0 |
7 |
|a maturitní zkoušky
|7 ph136836
|x reformy
|2 czenas
|
| 655 |
|
7 |
|a informační publikace
|7 fd132454
|2 czenas
|
| 710 |
2 |
|
|a Centrum pro reformu maturitní zkoušky
|7 kn20030429005
|
| 910 |
|
|
|a BOA001
|b 4-1079.355
|
| 990 |
|
|
|a BK
|
| 996 |
6 |
|
|b 2610125048
|c 4-1079.355
|l MZK
|r Sklad / do 1 hodiny
|n 1
|p p.v.
|w 000540719
|u 000010
|a 1
|e BOA001
|j MZK50
|s P
|